00317nam a2200121 a 4500008004100000020001500041050001400056100001300070245005200083260003400135300001700169350000900186120416s0000 ||||||||||||||||| || u a0844808725 aTR 810 Lo aLo, C. P10aGeographical applications of aerial photography aNew YorkbCrane, Russakc1976 a330p. : ill. a0.00